Quick Pick: 'A' Athletes Quiz Stats

Quiz Updated May 10, 2016

Also try: Winningest Winners
Challenge
Share
Tweet
Embed
Score 0/10 Timer 01:00
12 Plays Today
% Correct
Kareem Abdul-Jabbar
89.9%
Troy Aikman
84.6%
Carmelo Anthony
83.3%
Hank Aaron
79.5%
Marcus Allen
75.7%
Jared Allen
70.1%
Roberto Alomar
68.6%
Daniel Alfredsson
66.6%
Paul Arizin
52%
Syl Apps
43.6%

Today's Daily Dose

Missing Word
Jazz Songs 'C'

On This Day
January 18th

You're not logged in!

Compare scores with friends on all Sporcle quizzes.
Sign Up with Email
OR
Log In

You Might Also Like...

Show Comments

Extras

Top Quizzes Today


Score Distribution

Your Account Isn't Verified!

In order to create a playlist on Sporcle, you need to verify the email address you used during registration. Go to your Sporcle Settings to finish the process.